000
00299nam a2200109Ia 4500
008
200302s9999 xx 000 0 und d
100
_a
Pete Sivier Will Mclean
245
_a
Structural Engineering for Architects: A HandBook
260
_b
Laurene King Publishing Ltd.
260
_c
2013
300
_a
208
999
_c
3626
_d
3626